Responses for show #3904 - Thursday, July 19, 2001

Contestants

[<< previous game]

Roland Lange, a sales director from Brooklyn, New York

Lisa Carotenuto, a high school social studies teacher from Tucson, Arizona

Josh Meyer, an attorney from Los Angeles, California

[next game >>]

Jeopardy! Round responses

BLACK IN HISTORY
MARTHA MY DEAR
BORDERLINE STATES
(Alex: We want you to name the state bordered by the states we name.)
"SWEET" SONGS
GRANDKIDS
4-LETTER WORDS
(Alex: And no connection there!)
    $100 6
Fleas

Josh
    $100 21
Martha Stewart

Lisa
    $100 16
Washington

Lisa
    $100 11
"Sweet Caroline"

Roland
    $100 26
Helena Bonham Carter

Roland
    $100 1
Tire/tube

Josh
    $200 7
(R: What is his hair?)

Armor

Roland
Triple Stumper
    $200 22
Martha Washington

Lisa
    $200 17
Vermont

Josh
    $200 12
"Sweet Georgia Brown"

Josh
    $200 27
Reynolds

Josh
    $200 2
Fire

Lisa
    $300 8
Shirley Temple Black

Josh
    $300 23
(R: Who is Martha Washington?)

Martha Reeves

Roland
Triple Stumper
    $300 18
Montana

Lisa
    $300 13
"Sweet Home Alabama"

Josh
    $300 28
Ernest Hemingway (grandfather of Mariel)

Josh
    $300 3
Gene

Lisa
    $400 9
(L: Who is Blackman?)

Black Hawk

LisaRoland
    $400 24
Martha Grimes

Roland
    $400 19
Louisiana

Josh
    $400 14
"The Sweetest Taboo"

Roland
    $1,000 29
(J: What is Redgrave?)

Barrymore

Josh
    $400 4
(J: What is a boat?)
(R: What is a brim?)

Fish

JoshRoland
Triple Stumper
    $500 10
(R: What is Nanking?)

Manchuria

Roland
Triple Stumper
    $500 25
Martha Graham

Roland
    $500 20
(R: What is Indiana?)

Wisconsin

LisaRoland
    $500 15
"Sweet Dreams"

Roland
    $500 30
Darwin

Josh
    $500 5
King & pawn

Roland

Scores at the first commercial break (after clue 15):

Josh Lisa Roland
$600 $100 $800

Scores at the end of the Jeopardy! Round:

Josh Lisa Roland
$1,200 $1,300 $1,000

Double Jeopardy! Round responses

INVENTORS & INVENTIONS
OPEN YOUR HYMNALS
PRESIDENTIAL FACTS
20th CENTURY POETS
MOVIES OF THE "YEAR"
GETTING POSSESSIVE
    $200 16
Samuel Morse

Lisa
    $200 26
"Conquering Kings Their Titles Take"

Triple Stumper
    $200 21
George H.W. Bush

Josh
    $200 11
Poet Laureate

Roland
    $200 1
One Million Years B.C.

Triple Stumper
    $200 6
Teacher's pet

Lisa
    $400 17
(R: What is a diesel engine?)

Automobile

Roland
Triple Stumper
    $400 27
(buzzer sounds)

"What A Friend We Have in Jesus"

Roland
    $1,600 22
(J: Who was McKinley?)
(little less than a minute to go...)

James Garfield

Josh
    $400 12
Robert Frost

Josh
    $400 2
My Favorite Year

Roland
    $400 7
Cat's eye

Josh
    $600 18
(J: Who is Firestone?)

Charles Goodyear

JoshRoland
    $600 23
Franklin D. Roosevelt

Triple Stumper
    $600 13
E.E. Cummings

Josh
    $600 3
The Year of Living Dangerously

Josh
    $1,000 8
Banker's hours

Josh
    $800 19
Thomas Edison

Josh
    $800 24
Theodore Roosevelt

Lisa
    $800 14
(R: Who was Whitman?)

Robert Lowell

Roland
Triple Stumper
    $800 4
Woman of the Year

Roland
    $800 9
Fielder's choice

Roland
    $1000 20
Gail Borden

Lisa
    $1000 25
Warren G. Harding

Triple Stumper
    $1000 15
Seamus Heaney

Roland
    $1000 5
The Yearling

Josh
    $1000 10
(L: What is All Saints' Day?)

All Souls' Day

Lisa
Triple Stumper

Scores at the end of the Double Jeopardy! Round:

Josh Lisa Roland
$4,000 $2,500 $4,000

[wagering suggestions for these scores]

Final Jeopardy! Round responses

AUTHORS
LisaWho is Thomas Mann
$2,498
RolandWho is Kafka?
$4,000
JoshWho is Kafka?
$4,000
Franz Kafka

Final scores:

Josh Lisa Roland
$8,000 $2 $8,000
New co-champion: $8,000 2nd place: a trip to Bal Harbour Resort, Miami New co-champion: $8,000

Game dynamics:

Coryat scores:

Josh Lisa Roland
$6,200 $2,500 $4,000
18 R
(including 1 DD),
4 W
(including 2 DDs)
11 R,
2 W
15 R,
7 W

Combined Coryat: $12,700

The J! Archive is created by fans, for fans. The Jeopardy! game show and all elements thereof, including but not limited to copyright and trademark thereto, are the property of Jeopardy Productions, Inc. and are protected under law. This website is not affiliated with, sponsored by, or operated by Jeopardy Productions, Inc. Join the discussion at JBoard.tv.